La economía de opción
Zapisane w:
| 1. autor: | |
|---|---|
| Format: | Książka |
| Język: | hiszpański |
| Wydane: |
Madrid
Ediciones Jurídicas y Sociales
2006
|
| Hasła przedmiotowe: | |
| Etykiety: |
Dodaj etykietę
Nie ma etykietki, Dołącz pierwszą etykiete!
|
MARC
| LEADER | 00000nam a2200000 a 4500 | ||
|---|---|---|---|
| 001 | UCJ1889 | ||
| 003 | CL-VaPUC | ||
| 008 | 061117e20060000SP |||||||||||||||||spa|d | ||
| 020 | |a 8497683226 | ||
| 082 | 0 | 4 | |a 346.07 |b PON |2 21 |
| 100 | 0 | |a Pont Clemente, Joan-Francesc |e author |9 502670 | |
| 245 | 1 | 3 | |a La economía de opción |
| 300 | |a 205 p | ||
| 942 | |c BK | ||
| 945 | |d 20061117 00:00:00 |a jtorresc | ||
| 260 | |a Madrid |b Ediciones Jurídicas y Sociales |c 2006 | ||
| 650 | 0 | |a Derecho económico |9 259197 | |
| 650 | 7 | |a TRATADOS ECONOMICOS |2 CL-VaPUC |9 378835 | |
| 650 | 0 | |a Constitución política |9 336925 | |
| 650 | 7 | |a REGLAMENTOS |2 CL-VaPUC |9 259254 | |
| 583 | |a last modification |c 20131001 02:03:45 |k Rodrigo Vera | ||
| 999 | |c 318321 |d 318319 | ||
| 952 | |0 0 |1 0 |4 0 |6 346_070000000000000_PON_2006 |7 0 |8 A |9 396072 |a BIBDER |b BIBDER |d 2019-11-22 |i 4296532 |l 1 |o 346.07 PON 2006 |p 4296532 |r 2023-12-20 |s 2023-12-20 |w 2019-11-22 |y BK |k DER | ||